000 00547nam a2200217Ia 4500
003 OSt
005 20221005120632.0
006 a|||||r|||| 00| 0
007 ta
008 221004b |||||||| |||| 00| 0 eng d
024 _a116963
037 _cTextual
040 _aCRL
_cCRL
_beng
041 _2eng
_aeng
100 _aHume D
_9629437
245 0 _aEnquiries concerning human understanding and concerning the principal of morals
260 _c1975
650 _aECONOMICS
942 _cTEXL
_2cc
999 _c1038628
_d1038628